Apuntes sobre la transicin̤ en el Poder Legislativo Mexicano

Detalles Bibliográficos
Autor principal: Del Rosal y Hermosillo, Alfonso
Formato: eBook
Lenguaje:español
Publicado: Ciudad de Mx̌ico: Cm̀ara de Diputados, 2008
Materias:
Acceso en línea:Acceso restringido

MARC

LEADER 00000nam a22000007a 4500
005 20171025192433.0
007 cr|||| ||||
008 171025s2008 mx |||||s|||| 00||0 spa d
020 |a 978-970-819-064-0 
035 |a 20768 
040 |a vLex 
090 |c 7147  |d 7147 
100 1 |a Del Rosal y Hermosillo, Alfonso 
245 1 0 |a Apuntes sobre la transicin̤ en el Poder Legislativo Mexicano  |h [Recurso electrn̤ico] /  |c Alfonso Del Rosal y Hermosillo  
256 |a Recurso en ln̕ea 
260 |a Ciudad de Mx̌ico:  |b Cm̀ara de Diputados,  |c 2008 
300 |a 1 recurso electrn̤ico 
506 1 |a Disponible solo en los productos indicados  |d vLex Global  |d vLex Global (Academic Edition, excluding Law Schools)  |d vLex Global (U.S. Academic Edition, Law Schools)  |d vLex Global (U.S. Academic Edition, excluding Law Schools)  |d vLex Global (Academic Edition, Law Schools) 
650 0 4 |a Derecho constitucional  |z Mx̌ico 
740 0 |a vLex Libros (Servicio en ln̕ea) 
856 4 0 |u http://vlex.com/source/apuntes-transicion-poder-legislativo-mexicano-20768  |z Acceso restringido 
942 |c BOOK 
999 0 |a Constitutional law